[Event "Torneo Internazionale B IBM"]
[Site "Amsterdam NED"]
[Date "1976.07.??"]
[Round "2"]
[White "Suwuh, Sebastian"]
[Black "Tatai, Stefano"]
[Result "0-1"]
[WhiteElo "2370"]
[BlackElo "2465"]
[PlyCount "48"]
[EventDate "1976.07.08"]

1. e4 c5 2. Nf3 d6 3. d4 cxd4 4. Nxd4 Nf6 5. f3 Nc6 6. Nb3 e6 7. c4 d5 8. exd5
exd5 9. Be2 Be6 10. cxd5 Bb4+ 11. Bd2 Nxd5 12. O-O Qb6+ 13. Rf2 O-O 14. Bxb4
Ndxb4 15. N1d2 Ne5 16. Nc1 Rac8 17. f4 Ng6 18. f5 Bxf5 19. Nc4 Rxc4 20. Bxc4
Nc2 21. Qf3 Be6 22. Bxe6 fxe6 23. Qxf8+ Nxf8 24. Rb1 Ne3 0-1

[Event "Torneo Internazionale B IBM"]
[Site "Amsterdam NED"]
[Date "1976.07.??"]
[Round "4"]
[White "Ciocaltea, Victor"]
[Black "Tatai, Stefano"]
[Result "1/2-1/2"]
[WhiteElo "2480"]
[BlackElo "2465"]
[PlyCount "43"]
[EventDate "1976.07.08"]

1. e4 c5 2. Nf3 Nc6 3. d4 cxd4 4. Nxd4 Nf6 5. Nc3 e5 6. Ndb5 d6 7. Bg5 a6 8.
Bxf6 gxf6 9. Na3 b5 10. Nd5 f5 11. exf5 Bxf5 12. c3 Bg7 13. Nc2 O-O 14. Nce3
Be6 15. g4 Ne7 16. Bg2 Rc8 17. Qd3 Nxd5 18. Bxd5 Bxd5 19. Nxd5 Rc4 20. Ne3 Rf4
21. h3 b4 22. c4 1/2-1/2

[Event "Torneo Internazionale B IBM"]
[Site "Amsterdam NED"]
[Date "1976.07.??"]
[Round "6"]
[White "Pribyl, Josef"]
[Black "Tatai, Stefano"]
[Result "0-1"]
[WhiteElo "2435"]
[BlackElo "2465"]
[PlyCount "46"]
[EventDate "1976.07.08"]

1. e4 e5 2. Nf3 Nc6 3. Bb5 Bc5 4. O-O Qf6 5. c3 Nge7 6. d3 h6 7. b4 Bb6 8. a4
a5 9. Bb2 O-O 10. Nbd2 d6 11. Qb3 Bg4 12. Bc4 Ng6 13. h3 Bd7 14. b5 Nce7 15. d4
Nf4 16. Kh2 g5 17. Rae1 Neg6 18. Re3 h5 19. Rd1 g4 20. hxg4 hxg4 21. Ne1 Kg7
22. Kg1 Rh8 23. Nf1 Qh4 0-1

[Event "Torneo Internazionale B IBM"]
[Site "Amsterdam NED"]
[Date "1976.07.??"]
[Round "7"]
[White "Tatai, Stefano"]
[Black "Matera, Salvatore J."]
[Result "1/2-1/2"]
[WhiteElo "2465"]
[BlackElo "2420"]
[PlyCount "56"]
[EventDate "1976.07.08"]

1. e4 c5 2. Nf3 e6 3. d4 cxd4 4. Nxd4 a6 5. Nc3 Qc7 6. g3 Bb4 7. Nde2 Nf6 8.
Bg2 Be7 9. O-O O-O 10. b3 Nc6 11. Bb2 b5 12. Nf4 Bb7 13. Nd3 d6 14. Nb1 Nd7 15.
Nd2 Bf6 16. Bxf6 Nxf6 17. c4 e5 18. Re1 Rad8 19. Rc1 Rfe8 20. cxb5 axb5 21. Nb4
Qb6 22. Nxc6 Bxc6 23. b4 Ra8 24. Rc2 d5 25. Qc1 Bb7 26. exd5 Bxd5 27. Bxd5 Nxd5
28. a3 Nf6 1/2-1/2

[Event "Torneo Internazionale B IBM"]
[Site "Amsterdam NED"]
[Date "1976.07.??"]
[Round "9"]
[White "Tatai, Stefano"]
[Black "Woodhams, Michael"]
[Result "1/2-1/2"]
[WhiteElo "2465"]
[BlackElo "2430"]
[PlyCount "80"]
[EventDate "1976.07.08"]

1. Nf3 d5 2. b3 Nf6 3. Bb2 Bf5 4. c4 c6 5. g3 e6 6. Bg2 h6 7. O-O Be7 8. d3 O-O
9. Nbd2 a5 10. a3 Nbd7 11. Rc1 Bh7 12. Rc2 Re8 13. Qa1 Bf8 14. Bc3 e5 15. cxd5
Nxd5 16. Bb2 Qe7 17. Rfc1 f5 18. e4 N5f6 19. d4 exd4 20. exf5 c5 21. Nh4 Ne5
22. Qb1 Qd7 23. b4 cxb4 24. axb4 Bxb4 25. Nc4 Rad8 26. Rd1 Nxc4 27. Rxc4 d3 28.
Rd4 Qb5 29. Qa2+ Kh8 30. Rxd8 Rxd8 31. Bxf6 gxf6 32. Qf7 Qe8 33. Qxf6+ Kg8 34.
Bf1 Rd6 35. Qb2 Qe4 36. Qb1 Bxf5 37. Nxf5 Qxf5 38. Bxd3 Qf6 39. Qc2 b6 40. Qc8+
Kg7 1/2-1/2

[Event "Torneo Internazionale B IBM"]
[Site "Amsterdam NED"]
[Date "1976.07.??"]
[Round "11"]
[White "Hartoch, Robert G."]
[Black "Tatai, Stefano"]
[Result "1/2-1/2"]
[WhiteElo "2365"]
[BlackElo "2465"]
[PlyCount "38"]
[EventDate "1976.07.08"]

1. f4 Nf6 2. g3 g6 3. Nf3 Bg7 4. Bg2 d6 5. O-O O-O 6. d3 c5 7. c3 Nc6 8. Kh1 b6
9. a4 Bb7 10. Na3 Qd7 11. Qc2 Rfd8 12. Bd2 Ne8 13. Rae1 Nc7 14. b4 cxb4 15.
cxb4 Nd4 16. Nxd4 Bxd4 17. e3 Bg7 18. Qb3 Rac8 19. Rc1 Ne8 1/2-1/2